Western Hemisphere economic integration : (Record no. 1697)
[ view plain ]
| 000 -LEADER | |
|---|---|
| campo de control de longitud fija | 01381cam a2200253 4500 |
| 001 - NÚMERO DE CONTROL | |
| campo de control | 537 |
| 005 - FECHA Y HORA DE LA ÚLTIMA TRANSACCIÓN | |
| campo de control | 20230404125636.0 |
| 008 - DATOS DE LONGITUD FIJA--INFORMACIÓN GENERAL | |
| campo de control de longitud fija | 060907n1994 wau eng |
| 020 ## - NÚMERO INTERNACIONAL ESTÁNDAR DEL LIBRO | |
| Número Internacional Estándar del Libro | 0940602849 |
| 035 ## - NÚMERO DE CONTROL DEL SISTEMA | |
| -- | funglode541 |
| 041 ## - CÓDIGO DE IDIOMA | |
| Código de lengua del texto/banda sonora o título independiente | eng |
| 050 14 - SIGNATURA TOPOGRÁFICA DE LA BIBLIOTECA DEL CONGRESO | |
| Número de clasificación | CD F 00761 |
| 100 ## - ENTRADA PRINCIPAL--NOMBRE DE PERSONA | |
| Nombre de persona | Hufbauer, Gary Clyde |
| 245 1# - MENCIÓN DEL TÍTULO | |
| Título | Western Hemisphere economic integration : |
| Resto del título | economic and political determinants of U.S. policy / |
| Mención de responsabilidad, etc. | Gary Clyde Hufbauer, Jeffrey J. Schott |
| 260 ## - PUBLICACIÓN, DISTRIBUCIÓN, ETC. | |
| Lugar de publicación, distribución, etc. | Washington : |
| Nombre del editor, distribuidor, etc. | Inter-American Development Bank, BID, |
| Fecha de publicación, distribución, etc. | 1994 |
| 300 ## - DESCRIPCIÓN FÍSICA | |
| Extensión | xv, 279 p. |
| 440 ## - MENCIÓN DE SERIE/PUNTO DE ACCESO ADICIONAL--TÍTULO | |
| Título | Occasional paper ; |
| Designación de volumen o secuencia | 10d |
| 520 ## - RESUMEN, ETC. | |
| Sumario, etc. | Overview, 1. -- U. S. - Latin American economic relations, 15. -- WHFTA : Feasible and desirable, 25. -- Regional implications of a WHFTA, 51. -- Latin America reforms and readiness indicators, 63. -- Subregional integration and readiness assessment, 97. -- Hemispheric negotiations, 131. -- The Hemisphere and the world, 159. -- Toward a WHAFTA, 173. -- Appendix A : Trade deficiency in Latin America, 185. -- Appendix B : Impact on Latin America and the United States, 219. -- Appendix C : Cronologies of regional agreements, 251. -- Appendix D : Trade and investment diversion, 251 |
| 650 #0 - PUNTO DE ACCESO ADICIONAL DE MATERIA--TÉRMINO DE MATERIA | |
| Término de materia o nombre geográfico como elemento de entrada | International economic integration. |
| 650 #0 - PUNTO DE ACCESO ADICIONAL DE MATERIA--TÉRMINO DE MATERIA | |
| Término de materia o nombre geográfico como elemento de entrada | Free trade |
| Subdivisión geográfica | America. |
| 651 ## - PUNTO DE ACCESO ADICIONAL DE MATERIA--NOMBRE GEOGRÁFICO | |
| Nombre geográfico | United States |
| Subdivisión general | Commercial policy. |
| 700 ## - ENTRADA AGREGADA--NOMBRE PERSONAL | |
| Nombre de persona | Schott, Jeffrey J |
| 942 ## - ELEMENTOS DE ENTRADA SECUNDARIOS (KOHA) | |
| Fuente del sistema de clasificación o colocación | Clasificación de Library of Congress |
| Tipo de ítem Koha | |
| Estatus retirado | Estado de pérdida | Fuente del sistema de clasificación o colocación | Estado de daño | No para préstamo | Colección | Biblioteca de origen | Biblioteca actual | Ubicación en estantería | Fecha de adquisición | Serial enumeration / chronology | Total checkouts | Signatura topográfica completa | Código de barras | Visto por última vez | Copia número | Precio de reemplazo | Tipo de ítem Koha |
|---|---|---|---|---|---|---|---|---|---|---|---|---|---|---|---|---|---|
| Clasificación de Library of Congress | Referencia | Biblioteca Juan Bosch | Biblioteca Juan Bosch | Colección Documental (Referencia, 1er. Piso) | 23/10/2018 | 1 | CD F 00761 | 00000000117 | 23/10/2018 | 1 | 23/10/2018 |
